000 00389nam a2200169Ia 4500
008 170705s9999 xx 000 0 und d
020 _a9780744578493
245 _aHome in the sky /
245 _cby Jeannie Baker.
260 _aLondon :
260 _bWalker Books,
260 _c2001
300 _aunpaged :
300 _bcolor illustration ;
300 _c27cm.
500 _a720
999 _c337266
_d337266